LEADER 01052nam a2200265 i 4500 001 000000142308 003 CaOOAMICUS 005 20101012000000.0 008 101012s1969 it u000 u ita u 013 $a117613 040 $aSeMil$bita 100 1 $aMair, Lucy.$0(OLS)http://semarc/name/16586 240 10$aWitchcraft.$0(OLS)http://semarc/title/208096 245 13$aLa stregoneria /$cLucy Mair ; traduzione di Dario Sabbatucci. 260 $aMilano :$bIl Saggiatore,$c1969. 300 $a255 p. :$bill. ;$c20 cm. 490 0 $aL'universo del conoscere ;$v41 650 4$aStregoneria.$0(OLS)http://semarc/subject/3983 700 1 $aSabbatucci, Dario <1923->.$0(OLS)http://semarc/name/10234 830 2$aL'universo del conoscere ;$v41.$0(OLS)http://semarc/title/7286 850 $aSeMil 852 $aSeMil$W1$xVenegono$y1$m3XB I 13$j95482$B95482$CSeMilBibl$Z2$F156195 $81 961 $aOmaggio: Altro 996 $6245$aLa stregoneria$9(OLS)http://semarc/title/65498 996 $6260$aMilano :$bIl Saggiatore$9(OLS)http://semarc/publisher/30255 LEADER 00592nas a2200157 i 4500 001 000000022813 003 CaOOAMICUS 005 20180830125445.0 008 180830n fr u0 und u 040 $aSeMil$bita 245 14$aLes grands ordres monastiques /$cpubliée sous la direction d'Édouard Schneider. 260 $aParis :$bGrasset,$c1925[?] 300 $av. ;$c19 cm. 700 1 $aSchneider, Édouard,$d<1880-1960>.$0(OLS)http://semarc/name/10209 996 $6245$aLes grands ordres monastiques$9(OLS)http://semarc/title/30566 996 $6260$aParis :$bGrasset$9(OLS)http://semarc/publisher/32984